[Event "Niederbayrische Einzelmeisterschaft"]
[Site "Röhrnbach"]
[Date "2014.04.25"]
[Round "4.9"]
[White "Angerer, Dieter"]
[Black "Scholler, Franz"]
[Result "1/2-1/2"]
[WhiteElo "1531"]
[BlackElo "1477"]
[PlyCount "27"]
[EventDate "2014.04.??"]
[EventType "swiss"]
[EventRounds "7"]
[EventCountry "GER"]
[SourceDate "2015.12.24"]
[SourceVersion "1"]
[SourceVersionDate "2015.12.24"]
[SourceQuality "1"]
[WhiteTeam "SC Sonnen"]
[BlackTeam "DJK SF Haselbach"]

1. e4 c5 2. Nf3 d6 3. d4 cxd4 4. Nxd4 Nf6 5. Nc3 g6 6. Bd3 Bg7 7. O-O O-O 8.
Re1 Nc6 9. Nxc6 bxc6 10. Bg5 Qc7 11. Rb1 e5 12. Qd2 Bb7 13. f4 Nd7 14. f5
1/2-1/2

[Event "Niederbayrische Einzelmeisterschaft"]
[Site "Röhrnbach"]
[Date "2014.04.25"]
[Round "4.10"]
[White "Huber, Florian"]
[Black "Seidl, Josef"]
[Result "1-0"]
[WhiteElo "1517"]
[BlackElo "1289"]
[PlyCount "89"]
[EventDate "2014.04.??"]
[EventType "swiss"]
[EventRounds "7"]
[EventCountry "GER"]
[SourceDate "2015.12.24"]
[SourceVersion "1"]
[SourceVersionDate "2015.12.24"]
[SourceQuality "1"]
[WhiteTeam "SK Landau-Dingolfing"]
[BlackTeam "TSV Kreuzberg"]

1. d4 e6 2. Nf3 b6 3. c4 Bb7 4. e3 Nf6 5. Bd3 Bb4+ 6. Bd2 Bxd2+ 7. Nbxd2 O-O 8.
O-O d6 9. Re1 Nbd7 10. Qc2 h6 11. e4 e5 12. dxe5 dxe5 13. b4 Qe7 14. Qc3 c5 15.
a3 Rfc8 16. b5 Nh7 17. Nf1 Re8 18. Ne3 Ng5 19. Nxg5 Qxg5 20. Nd5 Bxd5 21. cxd5
Nf6 22. a4 h5 23. a5 h4 24. h3 Nh5 25. Bf1 Nf4 26. Kh2 Rec8 27. axb6 axb6 28.
Ra6 Rxa6 29. bxa6 b5 30. Ra1 b4 31. Qc4 Qe7 32. Qb5 Qa7 33. Qb7 Rc7 34. Qxa7
Rxa7 35. Bc4 Nh5 36. Ra5 Nf6 37. Rxc5 Nd7 38. Rc8+ Kh7 39. d6 Nb6 40. Rc7 Ra8
41. d7 Rd8 42. a7 Nxd7 43. Rxd7 Rc8 44. Bd5 f5 45. exf5 1-0

[Event "Niederbayrische Einzelmeisterschaft"]
[Site "Röhrnbach"]
[Date "2014.04.25"]
[Round "4.11"]
[White "Pichlmeier, Matthias"]
[Black "Lenhard, Alexander"]
[Result "0-1"]
[WhiteElo "945"]
[BlackElo "1430"]
[PlyCount "100"]
[EventDate "2014.04.??"]
[EventType "swiss"]
[EventRounds "7"]
[EventCountry "GER"]
[SourceDate "2015.12.24"]
[SourceVersion "1"]
[SourceVersionDate "2015.12.24"]
[SourceQuality "1"]
[WhiteTeam "SC Grafenau"]
[BlackTeam "SV Deggendorf"]

1. e4 c5 2. Nf3 Nc6 3. c3 Nf6 4. d3 g6 5. Be2 Bg7 6. O-O O-O 7. Be3 d6 8. Nbd2
b5 9. a3 a5 10. d4 b4 11. axb4 cxb4 12. c4 Qd7 13. d5 Nd8 14. Ra2 Nb7 15. b3
Qc7 16. h3 Bd7 17. Re1 Nc5 18. Bxc5 Qxc5 19. Bf1 Nh5 20. Kh1 Qxf2 21. Kh2 g5
22. Re2 Qg3+ 23. Kh1 Qf4 24. Rf2 Ng3+ 25. Kg1 Nxe4 26. Nxg5 Qxf2+ 27. Kh1 Nxg5
28. Rc2 Bd4 29. Nf3 Ne4 30. Nxd4 Ng3+ 31. Kh2 Nxf1+ 32. Kh1 Qf4 33. Nf3 Ne3 34.
Qc1 Bxh3 35. Re2 Bxg2+ 36. Rxg2+ Nxg2 37. Qxf4 Nxf4 38. Nd2 Kh8 39. Kg1 Rg8+
40. Kf2 Nd3+ 41. Ke3 Rg3+ 42. Ke4 Rag8 43. Kd4 R8g4+ 44. Ne4 Rxe4+ 45. Kxe4 h5
46. Kd4 h4 47. Ke4 h3 48. Kf5 h2 49. Ke4 h1=Q+ 50. Kf5 Qf3# 0-1

[Event "Niederbayrische Einzelmeisterschaft"]
[Site "Röhrnbach"]
[Date "2014.04.25"]
[Round "4.12"]
[White "Hartl, Konstantin"]
[Black "Pauli, Anton"]
[Result "0-1"]
[WhiteElo "944"]
[BlackElo "1208"]
[PlyCount "96"]
[EventDate "2014.04.??"]
[EventType "swiss"]
[EventRounds "7"]
[EventCountry "GER"]
[SourceDate "2015.12.24"]
[SourceVersion "1"]
[SourceVersionDate "2015.12.24"]
[SourceQuality "1"]
[WhiteTeam "SC Grafenau"]
[BlackTeam "SV Röhrnbach"]

1. e4 c6 2. Nf3 d5 3. e5 Bg4 4. d4 e6 5. Be2 Qc7 6. Nc3 Nd7 7. O-O h6 8. Bf4
O-O-O 9. h3 Bf5 10. Bd3 Ne7 11. Nh4 Bxd3 12. Qxd3 g5 13. Bxg5 hxg5 14. Nf3 Rg8
15. Qh7 Rg7 16. Qh5 Nf5 17. Ne2 Be7 18. g4 Nh4 19. Nxh4 gxh4 20. Qh6 Rdg8 21.
f3 Bg5 22. Qh5 Qd8 23. f4 Rh8 24. Qxh8 Qxh8 25. fxg5 Rxg5 26. Rxf7 Rg7 27. Rf2
Qh6 28. Raf1 Qe3 29. Kh2 c5 30. dxc5 Qxc5 31. Nf4 Qe7 32. Rf3 Nxe5 33. Rc3+ Kd7
34. Rb3 b6 35. Ra3 a5 36. Rb3 Qd6 37. Nh5 Nxg4+ 38. Kg2 Qh2+ 39. Kf3 Rf7+ 40.
Kxg4 Rxf1 41. Kxh4 Qf2+ 42. Kg4 Rg1+ 43. Ng3 Qd4+ 44. Kf3 Qf6+ 45. Kg4 Qg6+ 46.
Kf4 e5+ 47. Kf3 Rxg3+ 48. Kf2 Rxb3 0-1

[Event "Niederbayrische Einzelmeisterschaft"]
[Site "Röhrnbach"]
[Date "2014.04.26"]
[Round "5.1"]
[White "Palmi, Herbert"]
[Black "Stadler, Alexander"]
[Result "0-1"]
[WhiteElo "1946"]
[BlackElo "2057"]
[PlyCount "90"]
[EventDate "2014.04.??"]
[EventType "swiss"]
[EventRounds "7"]
[EventCountry "GER"]
[SourceDate "2015.12.24"]
[SourceVersion "1"]
[SourceVersionDate "2015.12.24"]
[SourceQuality "1"]
[WhiteTeam "SC Bayerwald Regen/Zwiesel"]
[BlackTeam "SV Deggendorf"]

1. e4 d6 2. Nf3 Nf6 3. c3 e5 4. d3 Be7 5. Be2 O-O 6. h3 c6 7. Nbd2 Ne8 8. g4
Be6 9. Nf1 Nd7 10. Ng3 g6 11. Rg1 Ng7 12. Bh6 Re8 13. Nf5 Bxf5 14. gxf5 d5 15.
fxg6 hxg6 16. exd5 cxd5 17. Bg5 e4 18. dxe4 dxe4 19. Bxe7 Qxe7 20. Ng5 Rad8 21.
Bc4 Ne5 22. Qb3 Qd7 23. Nxf7 Nxf7 24. Rxg6 e3 25. Bxf7+ Qxf7 26. Qxf7+ Kxf7 27.
Rg2 exf2+ 28. Kxf2 Rd2+ 29. Kf3 Rxg2 30. Kxg2 Re2+ 31. Kf3 Rxb2 32. c4 Rc2 33.
Rb1 b6 34. Rb4 Rxa2 35. c5 bxc5 36. Rb5 Ne6 37. Ke4 Kf6 38. Rb3 Ra4+ 39. Kd5
Rd4+ 40. Kc6 Ke5 41. Re3+ Re4 42. Ra3 c4 43. Rxa7 c3 44. Ra3 Rc4+ 45. Kb5 Rc5+
0-1

[Event "Niederbayrische Einzelmeisterschaft"]
[Site "Röhrnbach"]
[Date "2014.04.26"]
[Round "5.2"]
[White "Woitylak, Steffen"]
[Black "Haselbeck, Franz"]
[Result "1-0"]
[WhiteElo "1888"]
[BlackElo "1827"]
[PlyCount "63"]
[EventDate "2014.04.??"]
[EventType "swiss"]
[EventRounds "7"]
[EventCountry "GER"]
[SourceDate "2015.12.24"]
[SourceVersion "1"]
[SourceVersionDate "2015.12.24"]
[SourceQuality "1"]
[WhiteTeam "TV 1862 Geiselhöring"]
[BlackTeam "SV Deggendorf"]

1. Nf3 f5 2. b3 d6 3. d4 Nf6 4. e3 g6 5. Bc4 Bg7 6. O-O d5 7. Be2 O-O 8. c4 c6
9. a4 Ne4 10. Qc2 Nd7 11. Nc3 e6 12. Ba3 Re8 13. Rad1 g5 14. Ne1 g4 15. Nxe4
fxe4 16. Bxg4 Qg5 17. Qe2 Nf6 18. Bh3 e5 19. Bxc8 Raxc8 20. dxe5 Ng4 21. cxd5
Bxe5 22. h3 Nh2 23. f4 exf3 24. Nxf3 Nxf3+ 25. Qxf3 cxd5 26. Rxd5 Qg7 27. Bc5
b6 28. Rxe5 bxc5 29. Qd5+ Kh8 30. Rxe8+ Rxe8 31. Qxc5 Qb2 32. Rf8+ 1-0

[Event "Niederbayrische Einzelmeisterschaft"]
[Site "Röhrnbach"]
[Date "2014.04.26"]
[Round "5.3"]
[White "Fuchs, Michael"]
[Black "Stark, Bernhard"]
[Result "1/2-1/2"]
[WhiteElo "2031"]
[BlackElo "1893"]
[PlyCount "56"]
[EventDate "2014.04.??"]
[EventType "swiss"]
[EventRounds "7"]
[EventCountry "GER"]
[SourceDate "2015.12.24"]
[SourceVersion "1"]
[SourceVersionDate "2015.12.24"]
[SourceQuality "1"]
[WhiteTeam "DJK SF Haselbach"]
[BlackTeam "SK Passau"]

1. e4 e5 2. Nf3 Nc6 3. Bb5 a6 4. Ba4 Nf6 5. O-O Be7 6. Re1 b5 7. Bb3 d6 8. c3
O-O 9. h3 Nb8 10. d4 Nbd7 11. Nbd2 Bb7 12. Bc2 Re8 13. Nf1 Bf8 14. Ng3 g6 15.
b3 c6 16. Bb2 Qc7 17. a4 Bg7 18. Qd2 Nf8 19. Red1 Rad8 20. axb5 axb5 21. dxe5
dxe5 22. Qe3 Rxd1+ 23. Bxd1 Ra8 24. c4 Rxa1 25. Bxa1 N6d7 26. Qc3 Qd6 27. Be2
b4 28. Qc2 c5 1/2-1/2

[Event "Niederbayrische Einzelmeisterschaft"]
[Site "Röhrnbach"]
[Date "2014.04.26"]
[Round "5.4"]
[White "Mueller, Michael"]
[Black "Neuwerth, Chulian"]
[Result "1-0"]
[WhiteElo "2088"]
[BlackElo "1441"]
[PlyCount "129"]
[EventDate "2014.04.??"]
[EventType "swiss"]
[EventRounds "7"]
[EventCountry "GER"]
[SourceDate "2015.12.24"]
[SourceVersion "1"]
[SourceVersionDate "2015.12.24"]
[SourceQuality "1"]
[WhiteTeam "SC Bayerwald Regen/Zwiesel"]
[BlackTeam "SC Castra Batava Passau"]

1. e4 c5 2. Nf3 Nc6 3. d3 g6 4. g3 Bg7 5. Bg2 e5 6. O-O Nge7 7. c3 O-O 8. Nbd2
d6 9. a4 h6 10. Rb1 a5 11. Ne1 Be6 12. Nc2 Ba2 13. Ra1 Be6 14. Na3 Nc8 15. Ndc4
Nb6 16. Qb3 Bxc4 17. dxc4 Rb8 18. Nb5 Nc8 19. Be3 N6a7 20. Rfd1 Nxb5 21. Qxb5
Na7 22. Qb3 Qc7 23. Qc2 Rfd8 24. b4 b6 25. b5 Nc8 26. Qd2 Kh7 27. Qd5 Kg8 28.
Ra2 Ne7 29. Qd2 Kh7 30. h4 f6 31. Qe2 d5 32. cxd5 Nc8 33. c4 Nd6 34. Qd3 Qd7
35. Kh2 Qc7 36. Bh3 Rf8 37. h5 g5 38. Be6 Rbd8 39. Rf1 Rde8 40. f4 Qd8 41. Raf2
Kh8 42. Kg2 Kh7 43. Bc1 Qe7 44. Kf3 Rd8 45. Ke3 Kh8 46. Qe2 Kh7 47. Kd3 Kh8 48.
Qg4 Kh7 49. Bb2 Kh8 50. Qh3 Kh7 51. fxe5 fxe5 52. Rf5 Rxf5 53. Rxf5 Nxf5 54.
Qxf5+ Kh8 55. Bxe5 Rf8 56. d6 Rd8 57. Bxg7+ Qxg7 58. e5 Qh7 59. Qxh7+ Kxh7 60.
Ke4 Kg7 61. g4 Kf8 62. Kd5 Re8 63. Bf5 Rd8 64. Kc6 Re8 65. e6 1-0

[Event "Niederbayrische Einzelmeisterschaft"]
[Site "Röhrnbach"]
[Date "2014.04.26"]
[Round "5.6"]
[White "Berisha, Regjep"]
[Black "Zinner, Bernhard"]
[Result "1-0"]
[WhiteElo "1949"]
[BlackElo "1667"]
[PlyCount "67"]
[EventDate "2014.04.??"]
[EventType "swiss"]
[EventRounds "7"]
[EventCountry "GER"]
[SourceDate "2015.12.24"]
[SourceVersion "1"]
[SourceVersionDate "2015.12.24"]
[SourceQuality "1"]
[WhiteTeam "SV Röhrnbach"]
[BlackTeam "TV 1862 Geiselhöring"]

1. e4 d5 2. e5 c5 3. b4 cxb4 4. d4 Bf5 5. h4 Qc8 6. Bb5+ Nc6 7. Ne2 h6 8. a3 a6
9. Bd3 Bxd3 10. Qxd3 e6 11. O-O Qd8 12. g3 Nge7 13. axb4 Nxb4 14. Qd2 Nc8 15.
c3 Nc6 16. Na3 Nb6 17. Nc2 Nc4 18. Qd3 Rc8 19. f4 Be7 20. f5 Kd7 21. Nf4 Rf8
22. fxe6+ fxe6 23. Qg6 Rxf4 24. Rxf4 N6xe5 25. dxe5 Qb6+ 26. Nd4 Nxe5 27. Qxg7
Nc6 28. Ba3 e5 29. Bxe7 Nxe7 30. Qxe5 Qg6 31. Rf6 Qg4 32. Qd6+ Ke8 33. Raf1 Qg7
34. Ne6 1-0

[Event "Niederbayrische Einzelmeisterschaft"]
[Site "Röhrnbach"]
[Date "2014.04.26"]
[Round "5.7"]
[White "Wolf, Gregor"]
[Black "Huber, Florian"]
[Result "1/2-1/2"]
[WhiteElo "1767"]
[BlackElo "1517"]
[PlyCount "45"]
[EventDate "2014.04.??"]
[EventType "swiss"]
[EventRounds "7"]
[EventCountry "GER"]
[SourceDate "2015.12.24"]
[SourceVersion "1"]
[SourceVersionDate "2015.12.24"]
[SourceQuality "1"]
[WhiteTeam "SC Grafenau"]
[BlackTeam "SK Landau-Dingolfing"]

1. e4 c5 2. Nf3 e6 3. d4 cxd4 4. Nxd4 Bc5 5. Nb3 Bb6 6. Nc3 Nc6 7. Nb5 d5 8.
exd5 Qxd5 9. Qxd5 exd5 10. Bf4 Nf6 11. Nd6+ Ke7 12. a3 Ne4 13. Nxc8+ Raxc8 14.
Bg3 Nd4 15. Nxd4 Bxd4 16. O-O-O Bxf2 17. Bxf2 Nxf2 18. Re1+ Kd6 19. Rg1 Rc7 20.
Re2 Ne4 21. g3 Rhc8 22. Bh3 Re8 23. Rd1 1/2-1/2

[Event "Niederbayrische Einzelmeisterschaft"]
[Site "Röhrnbach"]
[Date "2014.04.26"]
[Round "5.8"]
[White "Angerer, Dieter"]
[Black "Albrecht, Manuel"]
[Result "1/2-1/2"]
[WhiteElo "1531"]
[BlackElo "1662"]
[PlyCount "81"]
[EventDate "2014.04.??"]
[EventType "swiss"]
[EventRounds "7"]
[EventCountry "GER"]
[SourceDate "2015.12.24"]
[SourceVersion "1"]
[SourceVersionDate "2015.12.24"]
[SourceQuality "1"]
[WhiteTeam "SC Sonnen"]
[BlackTeam "SK Landau-Dingolfing"]

1. e4 e6 2. d4 d5 3. exd5 exd5 4. Bd3 Nc6 5. c3 Bd6 6. Nf3 Qe7+ 7. Be3 Bf4 8.
Qe2 Bxe3 9. Qxe3 Qxe3+ 10. fxe3 Nf6 11. Nbd2 O-O 12. O-O-O Re8 13. Rde1 Ng4 14.
Rhf1 Nxe3 15. Rf2 Bd7 16. Ng5 h6 17. Nxf7 Ng4 18. Rxe8+ Rxe8 19. Rf4 Rf8 20. h3
Rxf7 21. Rxf7 Kxf7 22. hxg4 Bxg4 23. Nf1 Ne7 24. Ne3 Be6 25. Kd2 Kf6 26. Ke2
Kg5 27. g3 Nf5 28. Nf1 h5 29. Kf3 c6 30. Nh2 Nh6 31. Bc2 Bh3 32. Bd3 Bf5 33.
Be2 Ng4 34. Kg2 Be4+ 35. Nf3+ Kf5 36. Kh3 g5 37. Nd2 Nf2+ 38. Kh2 g4 39. Kg1
Nh3+ 40. Kf1 Ng5 41. Kf2 1/2-1/2

[Event "Niederbayrische Einzelmeisterschaft"]
[Site "Röhrnbach"]
[Date "2014.04.26"]
[Round "5.9"]
[White "Haas, Karl-Heinz"]
[Black "Scholler, Franz"]
[Result "1/2-1/2"]
[WhiteElo "1564"]
[BlackElo "1477"]
[PlyCount "53"]
[EventDate "2014.04.??"]
[EventType "swiss"]
[EventRounds "7"]
[EventCountry "GER"]
[SourceDate "2015.12.24"]
[SourceVersion "1"]
[SourceVersionDate "2015.12.24"]
[SourceQuality "1"]
[WhiteTeam "DJK SF Haselbach"]
[BlackTeam "DJK SF Haselbach"]

1. f4 d5 2. Nf3 Nf6 3. e3 a6 4. b3 Bf5 5. Bb2 e6 6. Be2 Be7 7. O-O O-O 8. Ne5
h6 9. Ng4 Nxg4 10. Bxg4 Bxg4 11. Qxg4 Bf6 12. d4 Nc6 13. a3 Ne7 14. Nd2 Nf5 15.
Rae1 c5 16. c3 Qb6 17. e4 dxe4 18. Nxe4 Be7 19. dxc5 Bxc5+ 20. Nxc5 Qxc5+ 21.
Kh1 Ne3 22. Rxe3 Qxe3 23. c4 f6 24. Bc1 Qe4 25. Qg3 Kh7 26. Re1 Qc6 27. h4
1/2-1/2

[Event "Niederbayrische Einzelmeisterschaft"]
[Site "Röhrnbach"]
[Date "2014.04.26"]
[Round "5.10"]
[White "Pauli, Anton"]
[Black "Wilhelm, Walter"]
[Result "0-1"]
[WhiteElo "1208"]
[BlackElo "1597"]
[PlyCount "88"]
[EventDate "2014.04.??"]
[EventType "swiss"]
[EventRounds "7"]
[EventCountry "GER"]
[SourceDate "2015.12.24"]
[SourceVersion "1"]
[SourceVersionDate "2015.12.24"]
[SourceQuality "1"]
[WhiteTeam "SV Röhrnbach"]
[BlackTeam "TSV Kreuzberg"]

1. d4 Nf6 2. c4 d5 3. e3 Bf5 4. Nc3 h6 5. Bd3 Qd7 6. Qc2 Bxd3 7. Qxd3 Na6 8. a3
dxc4 9. Qxc4 Qg4 10. g3 c6 11. Qe2 Qd7 12. Bd2 e6 13. O-O-O b5 14. Qf3 Qb7 15.
Nge2 Rb8 16. Na2 Bd6 17. e4 c5 18. Be3 Nxe4 19. Nec3 Nxc3 20. Qxb7 Nxa2+ 21.
Kb1 Nc3+ 22. bxc3 Rxb7 23. dxc5 Bxc5 24. Bxc5 Nxc5 25. Rhe1 O-O 26. Kb2 Rd7 27.
Rxd7 Nxd7 28. Kb3 a5 29. f4 Nc5+ 30. Kc2 Rd8 31. Re5 Rd5 32. Re3 f5 33. Kc1 Kf7
34. Kc2 Ne4 35. Rd3 Rxd3 36. Kxd3 Nf2+ 37. Kd4 Ne4 38. Kd3 Ke7 39. c4 b4 40.
axb4 axb4 41. g4 b3 42. h3 Kd6 43. g5 h5 44. h4 Kc5 0-1

[Event "Niederbayrische Einzelmeisterschaft"]
[Site "Röhrnbach"]
[Date "2014.04.26"]
[Round "5.11"]
[White "Seidl, Josef"]
[Black "Pichlmeier, Matthias"]
[Result "1-0"]
[WhiteElo "1289"]
[BlackElo "945"]
[PlyCount "99"]
[EventDate "2014.04.??"]
[EventType "swiss"]
[EventRounds "7"]
[EventCountry "GER"]
[SourceDate "2015.12.24"]
[SourceVersion "1"]
[SourceVersionDate "2015.12.24"]
[SourceQuality "1"]
[WhiteTeam "TSV Kreuzberg"]
[BlackTeam "SC Grafenau"]

1. f4 e6 2. Nf3 Nf6 3. b3 Nc6 4. Bb2 Be7 5. g3 d6 6. Bg2 O-O 7. O-O Bd7 8. d3
Nd5 9. Bc1 Bf6 10. d4 e5 11. e4 Nde7 12. fxe5 dxe5 13. d5 Nd4 14. Bb2 Nxf3+ 15.
Rxf3 Bg4 16. h3 Bxf3 17. Qxf3 c6 18. Nc3 a6 19. Rd1 c5 20. d6 Nc6 21. Nd5 Nd4
22. Nxf6+ Qxf6 23. Qxf6 gxf6 24. Ba3 b6 25. c3 Ne2+ 26. Kf2 Nxc3 27. Rd3 Nxa2
28. Rf3 Kg7 29. h4 Rfd8 30. Rd3 Rd7 31. Bh3 Rdd8 32. g4 h6 33. g5 fxg5 34. d7
f6 35. hxg5 hxg5 36. Kg3 a5 37. Kg4 Kg6 38. Kg3 a4 39. Bf5+ Kh6 40. Kg4 Rh8 41.
Rd6 Kg7 42. bxa4 Kf7 43. Rxb6 Nc3 44. Be6+ Kg7 45. Rb7 Rh4+ 46. Kf3 Rf4+ 47.
Kg2 Kg6 48. Bf5+ Kg7 49. d8=Q+ Kh6 50. Rh7# 1-0

[Event "Niederbayrische Einzelmeisterschaft"]
[Site "Röhrnbach"]
[Date "2014.04.26"]
[Round "5.12"]
[White "Lenhard, Alexander"]
[Black "Hartl, Konstantin"]
[Result "1/2-1/2"]
[WhiteElo "1430"]
[BlackElo "944"]
[PlyCount "100"]
[EventDate "2014.04.??"]
[EventType "swiss"]
[EventRounds "7"]
[EventCountry "GER"]
[SourceDate "2015.12.24"]
[SourceVersion "1"]
[SourceVersionDate "2015.12.24"]
[SourceQuality "1"]
[WhiteTeam "SV Deggendorf"]
[BlackTeam "SC Grafenau"]

1. b3 e5 2. Bb2 Nc6 3. Nf3 d6 4. e3 Nf6 5. Be2 Be7 6. O-O O-O 7. Nc3 Bf5 8. d4
exd4 9. Nxd4 Nxd4 10. exd4 Ne4 11. Nxe4 Bxe4 12. Re1 Bh4 13. Bf3 Bxf3 14. Qxf3
Qf6 15. Qxf6 Bxf6 16. Re2 Rfe8 17. Rae1 Rxe2 18. Rxe2 h6 19. g3 c5 20. c3 b5
21. dxc5 dxc5 22. Rd2 b4 23. c4 Bxb2 24. Rxb2 a5 25. Rd2 Re8 26. Rd5 Re2 27.
Rxc5 Rxa2 28. Rb5 Ra3 29. c5 Rxb3 30. Rxa5 Rc3 31. Rb5 b3 32. Kf1 Kf8 33. c6
Ke7 34. Rb8 Kd6 35. Ke1 Kc7 36. Rf8 b2 37. Rxf7+ Kxc6 38. Kd2 Rc1 39. Rf8 b1=Q
40. Rc8+ Kd6 41. Rxc1 Qb2+ 42. Rc2 Qb4+ 43. Ke2 Qe4+ 44. Kd1 Qh1+ 45. Ke2 Qxh2
46. Rc3 Qh5+ 47. Kd2 Qa5 48. Kd3 Qd5+ 49. Ke2 Ke5 50. Re3+ Kf5 1/2-1/2

[Event "Niederbayrische Einzelmeisterschaft"]
[Site "Röhrnbach"]
[Date "2014.04.26"]
[Round "6.1"]
[White "Stadler, Alexander"]
[Black "Lichtmannecker, Hans-Juergen"]
[Result "1-0"]
[WhiteElo "2057"]
[BlackElo "1667"]
[PlyCount "43"]
[EventDate "2014.04.??"]
[EventType "swiss"]
[EventRounds "7"]
[EventCountry "GER"]
[SourceDate "2015.12.24"]
[SourceVersion "1"]
[SourceVersionDate "2015.12.24"]
[SourceQuality "1"]
[WhiteTeam "SV Deggendorf"]
[BlackTeam "SV Aham"]

1. Nf3 d6 2. d4 f5 3. g3 g6 4. b3 Bg7 5. Bb2 c6 6. Bg2 Nf6 7. O-O O-O 8. c4 e6
9. Qc2 d5 10. Nbd2 Ne4 11. e3 Qe7 12. Nxe4 fxe4 13. Nd2 Na6 14. a3 e5 15. dxe5
Nc5 16. cxd5 cxd5 17. f4 Nd3 18. Bd4 Bd7 19. Nxe4 Bb5 20. Nd6 Nxe5 21. Nxb5
Rac8 22. Qe2 1-0

[Event "Niederbayrische Einzelmeisterschaft"]
[Site "Röhrnbach"]
[Date "2014.04.26"]
[Round "6.2"]
[White "Fuchs, Michael"]
[Black "Woitylak, Steffen"]
[Result "1/2-1/2"]
[WhiteElo "2031"]
[BlackElo "1888"]
[PlyCount "125"]
[EventDate "2014.04.??"]
[EventType "swiss"]
[EventRounds "7"]
[EventCountry "GER"]
[SourceDate "2015.12.24"]
[SourceVersion "1"]
[SourceVersionDate "2015.12.24"]
[SourceQuality "1"]
[WhiteTeam "DJK SF Haselbach"]
[BlackTeam "TV 1862 Geiselhöring"]

1. g3 c6 2. Bg2 f5 3. Nf3 Nf6 4. d3 e6 5. c4 d5 6. O-O Be7 7. Nbd2 O-O 8. Ne5
Nbd7 9. Nxd7 Qxd7 10. Nf3 Qd8 11. Bf4 Qb6 12. Qb3 Nd7 13. Qxb6 axb6 14. cxd5
exd5 15. a3 Bf6 16. d4 Re8 17. Rfe1 h6 18. h4 Nf8 19. Be5 Kf7 20. Bxf6 Kxf6 21.
Ne5 g5 22. hxg5+ hxg5 23. f4 gxf4 24. gxf4 Ng6 25. e3 Be6 26. Nxg6 Kxg6 27. Kf2
Kf6 28. Rh1 Rh8 29. Rxh8 Rxh8 30. Rc1 b5 31. Rh1 Rxh1 32. Bxh1 Bd7 33. Bf3 Be8
34. Ke2 Ke7 35. Kd2 Kd6 36. Kc3 b6 37. Be2 Bf7 38. Bd3 Be6 39. Kd2 Ke7 40. Ke1
Kf6 41. Kf2 Kg7 42. Kg3 Kh6 43. Kh4 Bd7 44. Bc2 Be6 45. Bd1 Bf7 46. b3 Be8 47.
Be2 Bd7 48. Bh5 c5 49. Bd1 c4 50. Kg3 Be8 51. Kf2 Bh5 52. Bc2 Bg6 53. Ke1 Kh5
54. Kd2 Kg4 55. bxc4 bxc4 56. Ba4 Kf3 57. Bc6 Bf7 58. Bd7 Bg6 59. Be6 Ke4 60.
Bg8 Bh5 61. Be6 Bg4 62. Bf7 Bf3 63. Be6 1/2-1/2

[Event "Niederbayrische Einzelmeisterschaft"]
[Site "Röhrnbach"]
[Date "2014.04.26"]
[Round "6.3"]
[White "Berisha, Regjep"]
[Black "Mueller, Michael"]
[Result "0-1"]
[WhiteElo "1949"]
[BlackElo "2088"]
[PlyCount "87"]
[EventDate "2014.04.??"]
[EventType "swiss"]
[EventRounds "7"]
[EventCountry "GER"]
[SourceDate "2015.12.24"]
[SourceVersion "1"]
[SourceVersionDate "2015.12.24"]
[SourceQuality "1"]
[WhiteTeam "SV Röhrnbach"]
[BlackTeam "SC Bayerwald Regen/Zwiesel"]

1. e4 d6 2. Bc4 Nf6 3. Nc3 c6 4. Bb3 e5 5. d4 Be7 6. Nge2 Nbd7 7. Be3 O-O 8.
Qd2 Ng4 9. f4 Nxe3 10. Qxe3 exd4 11. Nxd4 Nc5 12. O-O-O a5 13. Bc4 Be6 14. Be2
Bd7 15. g4 b5 16. Nf5 Bxf5 17. gxf5 b4 18. Nb1 Qb6 19. Nd2 Rfe8 20. Kb1 a4 21.
Nc4 Qa7 22. e5 d5 23. Nd2 b3 24. a3 bxc2+ 25. Kxc2 Qb7 26. Rhg1 Rab8 27. Rb1
Nb3 28. f6 Bxf6 29. Qg3 g6 30. Nxb3 axb3+ 31. Kd2 Qe7 32. h4 c5 33. h5 c4 34.
hxg6 fxg6 35. Qf3 Kh8 36. exf6 Qxf6 37. Qc3 d4 38. Qxc4 Qxf4+ 39. Kd1 Qe3 40.
Qd3 Qxg1+ 41. Kd2 Qg5+ 42. Kd1 Rbd8 43. Rc1 Re3 44. Qc4 0-1

[Event "Niederbayrische Einzelmeisterschaft"]
[Site "Röhrnbach"]
[Date "2014.04.26"]
[Round "6.4"]
[White "Stark, Bernhard"]
[Black "Palmi, Herbert"]
[Result "1/2-1/2"]
[WhiteElo "1893"]
[BlackElo "1946"]
[PlyCount "89"]
[EventDate "2014.04.??"]
[EventType "swiss"]
[EventRounds "7"]
[EventCountry "GER"]
[SourceDate "2015.12.24"]
[SourceVersion "1"]
[SourceVersionDate "2015.12.24"]
[SourceQuality "1"]
[WhiteTeam "SK Passau"]
[BlackTeam "SC Bayerwald Regen/Zwiesel"]

1. d4 Nf6 2. c4 e6 3. Nc3 c5 4. d5 exd5 5. cxd5 d6 6. e4 a6 7. a4 g6 8. h3 Bg7
9. Bg5 O-O 10. Bd3 Re8 11. Nge2 Nbd7 12. Qd2 Qc7 13. O-O b6 14. Rad1 Rb8 15. b3
Bb7 16. Qf4 Nh5 17. Qh2 f6 18. Bc1 Ne5 19. Bc2 g5 20. f4 gxf4 21. Nxf4 Nxf4 22.
Bxf4 Kh8 23. Rd2 Rg8 24. Rdf2 Rbd8 25. g4 Bc8 26. Qg3 Bf8 27. Kh1 Be7 28. Qe3
Rg7 29. Ne2 Rdg8 30. Ng3 Bxg4 31. hxg4 Nxg4 32. Qf3 Nxf2+ 33. Rxf2 Qd7 34. Rh2
Qe8 35. Bd3 b5 36. axb5 axb5 37. Rh6 c4 38. bxc4 bxc4 39. Bxc4 Qa4 40. Be2 Qa1+
41. Kh2 Qe1 42. Qf1 Qc3 43. Qf3 Qe1 44. Rh3 Rg4 45. Bd3 1/2-1/2

[Event "Niederbayrische Einzelmeisterschaft"]
[Site "Röhrnbach"]
[Date "2014.04.26"]
[Round "6.5"]
[White "Haselbeck, Franz"]
[Black "Fuchs, Mirjana"]
[Result "1-0"]
[WhiteElo "1827"]
[BlackElo "1709"]
[PlyCount "67"]
[EventDate "2014.04.??"]
[EventType "swiss"]
[EventRounds "7"]
[EventCountry "GER"]
[SourceDate "2015.12.24"]
[SourceVersion "1"]
[SourceVersionDate "2015.12.24"]
[SourceQuality "1"]
[WhiteTeam "SV Deggendorf"]
[BlackTeam "DJK SF Haselbach"]

1. Nf3 Nf6 2. g3 b6 3. Bg2 Bb7 4. d3 e6 5. O-O Be7 6. e4 d5 7. e5 Nfd7 8. Re1
c5 9. Nbd2 Nc6 10. Qe2 Rc8 11. Nf1 Nd4 12. Nxd4 cxd4 13. Qg4 Rxc2 14. Qxg7 Rf8
15. Bh6 Qc7 16. f4 Bb4 17. Red1 Ba6 18. a3 Be7 19. Qxh7 Nxe5 20. fxe5 Qxe5 21.
Bxf8 Qe2 22. Qh3 Bg5 23. Re1 Qf2+ 24. Kh1 Bxd3 25. Bd6 Be2 26. Rxe2 Rxe2 27. g4
d3 28. Qf3 Qd4 29. Rd1 Qxb2 30. Rxd3 Rf2 31. Qh3 Qe2 32. Rf3 d4 33. Rxf2 Qxf2
34. Bc6+ 1-0